| 000 | 00972nam a2200241 a 4500 | ||
|---|---|---|---|
| 001 | 41126 | ||
| 003 | BD-RjUL | ||
| 005 | 20211209053332.0 | ||
| 008 | 160516s2008 bg a|||| b||| 001 0 ben d | ||
| 020 |
_a9840746807 _c: TK 350.00 |
||
| 035 | _a(BD-RjUL)41242 | ||
| 040 |
_aBD-RjUL _bben _cBD-RjUL |
||
| 041 | _aben | ||
| 082 |
_223 _a305.8095492 _bAHB 2008 |
||
| 100 |
_aআহমদ, আফসার _9120625 |
||
| 245 | 1 | 0 |
_aবাংলাদেশের নৃগোষ্ঠী নাট্য / _cআফসার আহমদ |
| 260 |
_aঢাকা : _bবাংলা একাডেমী, _c২০০৮ |
||
| 300 |
_a[১৩], ৫৬০ পৃ. : _bচিত্র ; _c২১ সেমি. |
||
| 504 | _aনির্ঘন্ট ও গ্রন্থপঞ্জি সম্বলিত | ||
| 650 |
_aক্ষুদ্র গোষ্ঠী _zবাংলাদেশ _9126517 |
||
| 650 |
_aEthnic Group _zBangladesh _9126518 |
||
| 942 |
_2ddc _cBK |
||
| 999 |
_c41126 _d41126 |
||